000 00316nam a22001337a 4500
008 181017b xxu||||| |||| 00| 0 eng d
020 _a9780195136791
041 _aeng
080 _220th
_a610
100 _a4
101 _aSHM
245 _aCope's Early Diagnosis of the Acute Abdomen
_cSilen,W
942 _2udc
_cBK
999 _c49988
_d49988